000
00287nam a22001217a 4500
008
180425b xxu||||| |||| 00| 0 eng d
041
_a
eng
080
_a
043.3
100
_a
0
101
_a
MK-BA
245
_a
Veqantite dhe Rendesia e te Folurit per Radio
_c
Hoxhaj ,G
942
_2
udc
_c
BK
999
_c
45508
_d
45508